000 00518nam a2200217Ia 4500
005 20250425162637.0
008 250425s9999 xx 000 0 und d
020 _a0849351731
041 _aeng
082 _a551.22
100 _aBERLIN, GRAYDON LENNIS
245 0 _aEARTHQUAKES AND THE URBAN ENVIRONMENT (VOLUME I)
250 _aS.E.
260 _aBOCA RATON
260 _aEstados Unidos
_bCRCP
_c1980
300 _a211
650 _aTEMBLORES
650 _aTERREMOTOS
942 _c01
010 _a92977
999 _c233463
_d233463